000 01055nam a22002057a 4500
999 _c57750
_d57750
003 Ge_BSU
005 20201022142545.0
008 201022s2006 xxu||||| |||| 00| 0 geo d
020 _a9994067249
041 _ageo
080 _a1+159+330+57+164+93/94(075.8) შ-52
245 _aშესავალი თანამედროვე აზროვნებაში :
_b[კრებული]. წ. 2 /
_c [მთარგმნ.: ფილიპე გოგიჩაიშვილი და სხვ.]
264 _aთბილისი :
_bი. ჭავჭავაძის სახ. უნ-ტის გამ-ბა,
_c2006.
300 _a848 გვ.
_b ნახ.
_c27 სმ.
653 _aფილოსოფიის სახელმძღვანელოები უმაღლესი სასწავლებლებისათვის.
653 _aპოლიტიკური ეკონომია
653 _aფსიქოლოგია
653 _aისტორია
942 _2udc
_cBK